Central Library OPAC University of Rajshahi

আমেরিকার রাজনৈতিক পদ্ধতি / (Record no. 58276)

MARC details
000 -LEADER
fixed length control field 01165nam a2200253 a 4500
001 - CONTROL NUMBER
control field 58276
003 - CONTROL NUMBER IDENTIFIER
rucl marc code BD-RjUL
005 - DATE AND TIME OF LATEST TRANSACTION
control field 20211209080614.0
008 - FIXED-LENGTH DATA ELEMENTS--GENERAL INFORMATION
fixed length control field 161217s1966 bg ||||| |||| 00| 0 ben d
020 ## - INTERNATIONAL STANDARD BOOK NUMBER
International Standard Book Number : Tk. 4.00
035 ## - SYSTEM CONTROL NUMBER
System control number (BD-RjUL)58400
040 ## - CATALOGING SOURCE
Original cataloging agency BD-RjUL
Language of cataloging ben
Transcribing agency BD-RjUL
041 ## - LANGUAGE CODE
Language code of text/sound track or separate title ben
082 ## - DEWEY DECIMAL CLASSIFICATION NUMBER
Edition number 23
Classification number 320.973
Author mark and year AME 1966
245 00 - TITLE STATEMENT
Title আমেরিকার রাজনৈতিক পদ্ধতি /
Statement of responsibility, etc. সম্পাদনা : লিওনার্দ ডব্লিউ লেভী, জন্ পি রোচি ; অনুবাদ : ফকির জোনাব আলী
260 ## - PUBLICATION, DISTRIBUTION, ETC. (IMPRINT)
Place of publication, distribution, etc. ঢাকা :
Name of publisher, distributor, etc. খোরশেদ কিতাব মহল,
Date of publication, distribution, etc. ১৯৬৬
300 ## - PHYSICAL DESCRIPTION
Pagination [১০], ২৬৬ পৃ. ;
Size ২৩ সেমি.
650 ## - SUBJECT ADDED ENTRY--TOPICAL TERM
Topical term or geographic name as entry element রাজনীতি
Geographic subdivision আমেরিকা
9 (RLIN) 173102
Topical term or geographic name as entry element Politics
Geographic subdivision America
9 (RLIN) 173103
700 ## - ADDED ENTRY--PERSONAL NAME
Personal name লেভী, লিওনার্দ ডব্লিউ, সম্পাদক
Personal name রোচি , জন্ পি, সম্পাদক
Personal name আলী, ফকির জোনাব, অনুবাদক
942 ## - ADDED ENTRY ELEMENTS (KOHA)
Source of classification or shelving scheme Dewey Decimal Classification
Koha item type Books
Holdings
Lost status Source of classification or shelving scheme Damaged status Not for loan Collection code Permanent Location Current Location Shelving location Date acquired Source of acquisition Total Checkouts Full call number Date last seen Copy number Koha item type
  Dewey Decimal Classification   Not For Loan Non-fiction Central Library, University of Rajshahi Central Library, University of Rajshahi Reading Room 20/04/1967 U. S. S.   B 320.973 AME 1966 17/12/2016 C-1 Books